00405 2200169 4500001002100000008004100021035002000062245003300082100001500115250000600130260003900136300001200175084001400187082000800201650001400209990001200223INLIS000000000001061 ind  a0010-0524000296 aMukjizat SedekahcS. Tabrani aS. Tabrani a1 aJakarta :bBintang Indonesiac2009 a192 hlm a200 TAB m a200 aNon Fiksi a0744039